000 00992nas a2200337 4500
001 BR0404973
003 BR-BrBNA
005 20231205104913.0
007 ta
008 230509b bl.|||p| |||| 00| 00por d
040 _aBR-BrBNA
_bpor
_cBiblioteca Nacional de Agricultura
041 _a(Pt)
072 _aH20
100 1 _aCasa, R.T.
100 1 _aReis, E.M.
100 1 _aBlum, M.M.C.
100 1 _aScheer, O.
100 1 _aZanata, T.
100 1 _aCardoso, C.
245 1 _aEfeito do número de espiguetas gibereladas sobre o rendimento, o peso de mil grãos e a incidência de Fusarium graminearum em grãos de trigo
650 _aTRIGO
650 _aGRÃO
650 _aESPIGUETA
650 _aFUSARIOSE
650 _aTESTE DE SEMENTES
650 _aRENDIMENTO
650 _aDANO
773 0 _tSumma Phytopathologica (Brazil)
_xISSN 0100-5405
_g(Apr-Jun 2004), v. 30(2) p. 277-280
_wBR0404973
909 _a202311
_bLúcia
_c55
_dLúcia Elande
942 _2AGRIS
_n0
_cANA
999 _c180217
_d180217